000 01584cam a22004574i 4500
003 PE-LiUPU
005 20250731173447.0
008 150616s xxu r 000 0 spa d
035 _a(Sirsi) a6027
040 _aPE-LiUPU
_bspa
_cPE-LiUPU
_erda
049 _aPRUA
082 0 4 _a268
_bS21
_221
100 1 _aElwood Sanner, A.,
_eautor.
245 1 0 _aExplorando la Educación Cristiana /
_cA. Elwood Sanner.
264 1 _aKansas City, Missouri :
_bCasa Nazarena de Publicaciones,
_c1984.
300 _a514 páginas ;
_c22 centímetros
336 _atext
_2rdacontent
337 _aunmediated
_2rdamedia
338 _avolume
_2rdacarrier
505 0 _aFundamentos de la educación cristiana -- Cursos de educación cristiana -- Estructuras para la educación cristiana -- Apendices.
526 _aSEG42
526 _aSEG41
526 _aSEG40
526 _aSEG39
526 _aP94
526 _aP87
526 _aP86
526 _aP85
526 _aP77
526 _aP76
526 _aP35
650 0 4 _aEducación cristiana.
700 1 _aHarper, A. F.
910 _ajck
_bjvq
_cjck
942 _2ddc
_cBOOK
949 _a268 S21
_wDEWEY
_c1
_i29058
_lCCODEBUL1
_mBUL
_p30.00
_r0
_sY
_tBOOK
_u19950928
_xEDUCACION
_PP20
_0COMPRA
_o.STAFF. Colección Teología
994 _aC0
_bPEPRU
596 _a1
999 _a268 S21
_wDEWEY
_c57117
_i29058
_d57117
_e2018-10-24
_f2021-11-10
_g5
_lCCODEBUL1
_mBUL
_n3
_p30.00
_q1
_r0
_sY
_tBOOK
_u2015-6-16
_xTEOLOGIA
_PP35
_0COMPRA
_o.STAFF. Colección Teología
980 _81
_gALBERTO SANCHEZ Responsable de Automatización